|
|
|
|
| LEADER |
00000nam0a2200000 4500 |
| 001 |
22486 |
| 005 |
20231101205506.0 |
| 010 |
|
|
|a 5850503978
|
| 010 |
|
|
|a 5-85050-379-X
|
| 035 |
|
|
|a (RuTPU)RU\TPU\book\22699
|
| 035 |
|
|
|a BOOK00000463
|
| 090 |
|
|
|a 22486
|
| 100 |
|
|
|a 20011209d1999 m y0rusy50 ca
|
| 101 |
0 |
|
|a rus
|
| 102 |
|
|
|a RU
|
| 105 |
|
|
|a y z 000ay
|
| 200 |
1 |
|
|a Долгое прощание. Другая жизнь. Дом на Набережной. Время и место. Опрокинутый дом
|f Ю. В. Трифонов
|g сост. Н. Б. Иванова; худож. В. В. Медведев
|
| 210 |
|
|
|a Москва
|c Слово/Slovo
|d 1999
|
| 215 |
|
|
|a 576 с.
|
| 225 |
1 |
|
|a Пушкинская библиотека
|
| 225 |
1 |
|
|a Открытое общество
|
| 320 |
|
|
|a Комментарии: с. 565-573.
|
| 600 |
|
1 |
|a Трифонов
|b Ю. В.
|c русский писатель
|f 1925-1981
|g Юрий Валентинович
|2 stltpush
|3 (RuTPU)RU\TPU\pers\17326
|9 6413
|
| 610 |
1 |
|
|a романы
|
| 610 |
1 |
|
|a повести
|
| 610 |
1 |
|
|a рассказы
|
| 675 |
|
|
|a Р2
|v 3
|
| 700 |
|
1 |
|a Трифонов
|b Ю. В.
|c русский писатель
|f 1925-1981
|g Юрий Валентинович
|2 stltpush
|3 (RuTPU)RU\TPU\pers\17326
|9 6413
|
| 702 |
|
1 |
|a Иванова
|b Н. Б.
|4 220
|
| 702 |
|
1 |
|a Медведев
|b В. В.
|4 440
|
| 801 |
|
0 |
|a RU
|b 63413507
|c 20011209
|g PSBO
|
| 801 |
|
2 |
|a RU
|b 63413507
|c 20080908
|g PSBO
|
| 942 |
|
|
|c BK
|